[Event "II Torneo Internacional Puente Foral. F"]
[Site "Huarte-Pamplona. Hotel Don Ca"]
[Date "2007.12.02"]
[Round "1.3"]
[White "Mancha Otano, Aritz"]
[Black "Marcos Jimenez, Alfonso"]
[Result "1-0"]
[WhiteElo "1803"]
[BlackElo "1814"]
[PlyCount "81"]
[EventDate "2007.12.02"]

1. d4 Nf6 2. c4 c5 3. dxc5 Qa5+ 4. Nd2 e6 5. Ngf3 Bxc5 6. g3 Nc6 7. Bg2 O-O 8.
O-O Qc7 9. b3 d5 10. cxd5 exd5 11. Bb2 Be7 12. Rc1 Qb6 13. Ne5 Nxe5 14. Bxe5
Be6 15. Nf3 Rac8 16. Qd2 Ne4 17. Qb2 f6 18. Bd4 Qa5 19. a4 b5 20. axb5 Qxb5 21.
Rxc8 Rxc8 22. Bxa7 Qd7 23. Be3 Bh3 24. Rd1 Bxg2 25. Kxg2 Qf5 26. b4 Rc4 27. Nd4
Qd7 28. b5 Rb4 29. Qc2 Rc4 30. Qa2 Nc3 31. Qa8+ Rc8 32. Qa1 Nxd1 33. Qxd1 Bc5
34. Qb3 Rb8 35. Nc6 Re8 36. Bxc5 Rxe2 37. b6 Qe6 38. b7 Qe4+ 39. Qf3 Qxf3+ 40.
Kxf3 Rxf2+ 41. Kxf2 1-0

[Event "II Torneo Internacional Puente Foral. F"]
[Site "Huarte-Pamplona. Hotel Don Ca"]
[Date "2007.12.02"]
[Round "1.4"]
[White "Otano Villanueva, Joseba"]
[Black "Iturralde Borda, Jon"]
[Result "1-0"]
[WhiteElo "1820"]
[BlackElo "1815"]
[PlyCount "101"]
[EventDate "2007.12.02"]

1. e4 d5 2. exd5 Qxd5 3. Nc3 Qa5 4. Bc4 Nf6 5. d3 c6 6. Bd2 Qc7 7. h3 Bf5 8.
Qe2 Nbd7 9. O-O-O Nb6 10. g4 Bg6 11. f4 Nxc4 12. dxc4 h6 13. f5 Bh7 14. Nf3 Nd7
15. Rhe1 O-O-O 16. Qf2 b6 17. Nd4 Nb8 18. Bf4 Qb7 19. Bxb8 c5 20. Qf4 cxd4 21.
Rxd4 Rxd4 22. Qxd4 Kxb8 23. Nb5 Rg8 24. Qf4+ Kc8 25. a3 a6 26. Nc3 g5 27. Qf2
Qc6 28. Nd5 e6 29. Nf6 Rg7 30. b4 Be7 31. Qd4 Qd6 32. Nd5 Rg8 33. Nxe7+ Qxe7
34. Qxb6 Qb7 35. Qa5 exf5 36. gxf5 Rd8 37. f6 Kb8 38. Qxd8+ Qc8 39. Qxc8+ Kxc8
40. Re8+ Kd7 41. Re7+ Kd8 42. b5 axb5 43. cxb5 Bg6 44. b6 Kc8 45. a4 h5 46. a5
g4 47. a6 gxh3 48. b7+ Kb8 49. Re8+ Ka7 50. b8=Q+ Kxa6 51. Re3 1-0

[Event "II Torneo Internacional Puente Foral. F"]
[Site "Huarte-Pamplona. Hotel Don Ca"]
[Date "2007.12.03"]
[Round "2.2"]
[White "Marcos Jimenez, Alfonso"]
[Black "Otano Villanueva, Joseba"]
[Result "0-1"]
[WhiteElo "1814"]
[BlackElo "1820"]
[PlyCount "78"]
[EventDate "2007.12.02"]

1. e4 e5 2. Nf3 Nc6 3. Bb5 Bc5 4. c3 d6 5. O-O Bd7 6. d4 exd4 7. cxd4 Bb6 8.
Nc3 h6 9. Nd5 Nce7 10. Bxd7+ Qxd7 11. Nxb6 axb6 12. Be3 g5 13. Nd2 Ng6 14. f4
f6 15. Qh5 Qf7 16. f5 N6e7 17. Qe2 Nc6 18. b3 h5 19. a4 Nh6 20. Nc4 Kf8 21. e5
dxe5 22. dxe5 Ng4 23. e6 Qe7 24. Bc1 Nd4 25. Qa2 b5 26. Ba3 b4 27. Bc1 b5 28.
Ne3 Qc5 29. Kh1 Qe5 30. Nxg4 hxg4 31. Bf4 gxf4 32. Rae1 Qd6 33. Qb2 Ke7 34.
axb5 f3 35. g3 Nxf5 36. Rd1 Nxg3+ 37. Kg1 Ne2+ 38. Kf2 Rxh2+ 39. Ke3 Qxe6+ 0-1

[Event "II Torneo Internacional Puente Foral. F"]
[Site "Huarte-Pamplona. Hotel Don Ca"]
[Date "2007.12.04"]
[Round "3.4"]
[White "Iturralde Borda, Jon"]
[Black "Marcos Jimenez, Alfonso"]
[Result "1/2-1/2"]
[WhiteElo "1815"]
[BlackElo "1814"]
[PlyCount "116"]
[EventDate "2007.12.02"]

1. e4 c5 2. Nf3 d6 3. d4 cxd4 4. Nxd4 Nf6 5. Nc3 a6 6. Be3 e5 7. Nb3 Be7 8. Be2
O-O 9. Bh5 Qc7 10. Qe2 Nbd7 11. O-O b5 12. Bf3 Bb7 13. Rfd1 Rac8 14. Rd2 Rfd8
15. Rad1 b4 16. Nd5 Bxd5 17. exd5 a5 18. Qb5 Ra8 19. Bg5 a4 20. Bxf6 Nxf6 21.
Nc1 e4 22. Be2 Rdb8 23. Qc4 Qa7 24. Qd4 Qc7 25. Re1 Ra5 26. Bd1 Rxd5 27. Qe3
Rxd2 28. Qxd2 d5 29. f3 Bc5+ 30. Kh1 e3 31. Qd3 d4 32. Ne2 Rd8 33. Ng3 Bd6 34.
Nf1 Be5 35. Qb5 b3 36. axb3 axb3 37. Qxb3 Rb8 38. Qa3 Qb7 39. Qc5 Qb5 40. Qxb5
Rxb5 41. b3 Nd5 42. Ng3 Bxg3 43. hxg3 Nc3 44. Be2 Ra5 45. Bd3 Kf8 46. Kh2 g6
47. g4 Ke7 48. Kg3 Kd6 49. f4 f6 50. f5 g5 51. Rh1 Ra7 52. Rh6 Ke5 53. Kf3 Re7
54. Rh1 Ra7 55. g3 Kd6 56. Rh6 Ke5 57. Rh1 Kd6 58. Rh6 Ke5 1/2-1/2

[Event "II Torneo Internacional Puente Foral. F"]
[Site "Huarte-Pamplona. Hotel Don Ca"]
[Date "2007.12.07"]
[Round "6.4"]
[White "Mancha Otano, Aritz"]
[Black "Otano Villanueva, Joseba"]
[Result "1-0"]
[WhiteElo "1803"]
[BlackElo "1820"]
[PlyCount "83"]
[EventDate "2007.12.02"]

1. d4 d5 2. c4 e6 3. Nf3 Nf6 4. g3 dxc4 5. Bg2 c6 6. Qc2 Bd6 7. Qxc4 O-O 8. O-O
Qc7 9. Nc3 Nbd7 10. e4 Nb6 11. Qe2 Nfd7 12. e5 Be7 13. Ng5 h6 14. Nge4 f5 15.
exf6 Nxf6 16. Bf4 Qd8 17. Qd2 Nfd5 18. Be5 Nc4 19. Qe2 Nxe5 20. dxe5 Bd7 21.
Bh3 Bb4 22. Qh5 Bxc3 23. bxc3 Qe7 24. c4 Nc7 25. Qg6 Kh8 26. Nd6 b6 27. Bg2 Ne8
28. Be4 Rf5 29. Bxf5 exf5 30. Nf7+ Kg8 31. Nxh6+ Kh8 32. Nf7+ Kg8 33. Ng5 Kf8
34. e6 Nf6 35. exd7 Qxd7 36. Rad1 Qe8 37. Nh7+ Nxh7 38. Qxh7 Qf7 39. Rfe1 g6
40. Qh8+ Qg8 41. Qf6+ Qf7 42. Rd8+ 1-0

[Event "II Torneo Internacional Puente Foral. F"]
[Site "Huarte-Pamplona. Hotel Don Ca"]
[Date "2007.12.08"]
[Round "7.2"]
[White "Iturralde Borda, Jon"]
[Black "Mancha Otano, Aritz"]
[Result "1/2-1/2"]
[WhiteElo "1815"]
[BlackElo "1803"]
[PlyCount "119"]
[EventDate "2007.12.02"]

1. e4 e5 2. Nf3 Nc6 3. Bc4 Nf6 4. Ng5 d5 5. exd5 Na5 6. Bb5+ c6 7. dxc6 bxc6 8.
Be2 h6 9. Nf3 e4 10. Ne5 Bc5 11. Ng4 Nxg4 12. Bxg4 Qh4 13. Qe2 Qxg4 14. f3 Qg6
15. d3 f5 16. Bd2 Nb7 17. Nc3 O-O 18. dxe4 fxe4 19. Nxe4 Re8 20. O-O-O Bf5 21.
Qc4+ Qf7 22. Qxf7+ Kxf7 23. Nxc5 Nxc5 24. Rhe1 Rxe1 25. Rxe1 Ne6 26. Re5 Bg6
27. Ra5 Ke7 28. Be3 a6 29. Ra4 c5 30. Ra3 Kd6 31. Rb3 Kc6 32. Rc3 Rb8 33. a3 a5
34. f4 Kd5 35. g4 Nd4 36. Bxd4 cxd4 37. Rc7 Be4 38. Rd7+ Ke6 39. Rxd4 Bf3 40.
g5 hxg5 41. fxg5 Rb5 42. h4 Rd5 43. Rxd5 Kxd5 44. Kd2 Ke5 45. c3 Kf5 46. c4 Kg4
47. Ke3 a4 48. h5 Kxh5 49. Kxf3 Kxg5 50. c5 Kf5 51. c6 Ke6 52. Kf4 Kd6 53. Kg5
Kxc6 54. Kg6 Kc5 55. Kxg7 Kc4 56. Kf6 Kb3 57. Ke5 Kxb2 58. Kd4 Kxa3 59. Kc3 Ka2
60. Kc2 1/2-1/2